حقوق المراة خطوات نحو تحقيق الاصلاح / (Record no. 66193)
[ view plain ]
| 000 -الفاتح | |
|---|---|
| حقل البيانات ثابتة الطول | 01022nam a22002777a 4500 |
| 005 - وقت وتاريخ اخر تعامل مع التسجيلة | |
| رقم الضبط | 20240530110905.0 |
| 008 - عناصر البيانات ثابتة الطول - معلومات عامة | |
| حقل البيانات ثابتة الطول | 220214s2008 ua g 000 0 ara d |
| 017 ## - رقم الايداع القانونى | |
| المصدر ( الهيئة المختصة) | مصر. دار الكتب |
| 020 ## - الرقم الدولى المعيارى للكتب | |
| الرقم الدولى المعيارى للكتاب | 9789774521102 |
| 040 ## - مصدر الفهرسة | |
| وكالة الفهرسة الأصلية | EG-CaGPL |
| وكالة النسخ | EG-CaGPL |
| 082 04 - رقم تصنيف ديوى العشرى | |
| رقم الطبعة | 21 |
| رقم التصنيف | 323.34 / |
| رقم المادة | ق ح |
| 100 0# - المدخل الرئيسى - إسم شخصى | |
| الإسم الشخصى | قدرى حفنى |
| 245 10 - بيان العنوان | |
| العنوان | حقوق المراة خطوات نحو تحقيق الاصلاح / |
| بيان المسئوليه,etc | اعداد قدرى حفنى ، محسن يوسف ؛ تقديم اسماعيل سراج الدين |
| 250 ## - بيان الطبعة | |
| بيان الطبعة | ط. 1 |
| 260 ## - PUBLICATION, DISTRIBUTION, ETC. (IMPRINT) | |
| تاريخ النشر أو التوزيع | 2008 |
| 300 ## - الوصف المادى | |
| التعداد | 144 ص. ؛ |
| أبعاد الوعاء | 24 سم |
| 650 07 - المدخل الاضافى بالموضوع-مصطلح موضوعى | |
| مصدر الرأس أو المصطلح | qrmak |
| مصطلح موضوعي | حقوق المراة |
| 650 07 - المدخل الاضافى بالموضوع-مصطلح موضوعى | |
| مصدر الرأس أو المصطلح | qrmak |
| مصطلح موضوعي | الاعلام |
| 650 07 - المدخل الاضافى بالموضوع-مصطلح موضوعى | |
| مصدر الرأس أو المصطلح | qrmak |
| مصطلح موضوعي | الاتجار بالبشر |
| 650 07 - المدخل الاضافى بالموضوع-مصطلح موضوعى | |
| مصدر الرأس أو المصطلح | qrmak |
| مصطلح موضوعي | تمكين المراة |
| 650 07 - المدخل الاضافى بالموضوع-مصطلح موضوعى | |
| مصدر الرأس أو المصطلح | qrmak |
| 700 0# - المدخل الاضافى - اسم شخصى | |
| الإسم الشخصى | اسماعيل سراج الدين |
| الدور | مقدم |
| 700 0# - المدخل الاضافى - اسم شخصى | |
| الإسم الشخصى | محسن يوسف |
| الدور | معد |
| 942 ## - عناصر المدخل الإضافي( كوها) | |
| مصدر التصنيف او مخطط الترفيف | Dewey Decimal Classification |
| Koha [default] item type | كتاب |
| 260 ## - PUBLICATION, DISTRIBUTION, ETC. (IMPRINT) | |
| -- | الاسكندرية : |
| -- | مكتبة الاسكندرية، |
| حالة التراجع | حالة الفقد | حالة تلف | ليس للاعارة | المكان المؤقت | الموقع الحالى | موقع الترفيف | تاريخ الاكتساب | اجمالي اﻻعارات | رقم الطلب | الباركود | تاريخ اخر مشاهدة | تاريخ تفعيل السعر | نوع وعاء كوها |
|---|---|---|---|---|---|---|---|---|---|---|---|---|---|
| مكتبة القاهرة الكبرى | مكتبة القاهرة الكبرى | ق الرئيسية_العلوم الاجتماعية_ك عربى | 02/21/2022 | 323.34 / ق ح | 167458 | 02/21/2022 | 02/21/2022 | كتاب |

